Statistiques concernant Vocabulaire anglais

Cliquez ici pour prendre le quiz!

Statistiques générales

  • Ce quiz a été pris 109 fois
  • Le résultat moyen est 3 sur 7

Statistiques - réponses

HintRéponse% Correct
BecauseParce que
99%
AsComme
84%
Because ofA cause de
74%
ThereforeDonc
28%
InceCar
24%
ThusAinsi
21%
Such asTel(s) que
3%

Distribution des résultats

Percentile par nombre de réponses

% des personnes avec chaque résultat

Votre développement - résultats

Vous n’avez pas pris ce quiz